000 00260nam a22001097a 4500
082 _a536.2 BRO'I
100 _aBROWN, A. I,MARCO, S. M
_957377
245 _aINTRODUCTION TO HEAT TRANSFER
260 _aLONDON
_bMCGRAW HILL
_c1958
300 _a332P
942 _cBK
999 _c567667
_d567667